000 00752nam a22002417a 4500
005 20170124110053.0
010 _a541816
020 _c14.00
035 _a541816
037 _bCen Lib/Ret
040 _aDPL
_bEN
082 _a658
_bPFI
100 _aPfiffner, John M
_918189
245 _aAdministrative organization /
_cby John McDonald Pfiffner [and] Frank P Sherwood
260 _aNew Delhi
_bPrentice-Hall of India
_c1968
300 _axiii,481p. :
_c20cm(Hb)
_bill.
490 _aPrentice-Hall international series in management
500 _aIncludes index
650 _aAdministratieve organisatie
_925945
650 _aOrganization
_925279
700 _aSherwood, Frank P
_925946
942 _2ddc
_cEN
_h658
_mPFI
999 _c129290
_d129290